Vista normal Vista MARC

Entrada Personal Name

Número de registros utilizados en: 1

001 - CONTROL NUMBER

  • control field: 69405

003 - CONTROL NUMBER IDENTIFIER

  • control field: OSt

005 - DATE AND TIME OF LATEST TRANSACTION

  • control field: 20260312163231.0

008 - FIXED-LENGTH DATA ELEMENTS

  • fixed length control field: 260312|| aca||aabn | a|a d

040 ## - CATALOGING SOURCE

  • Original cataloging agency: OSt
  • Transcribing agency: OSt

100 ## - HEADING--PERSONAL NAME

  • Personal name: Isaacs, Jorge
  • Title of a work: María
  • General subdivision: Adaptaciones literarias

670 ## - SOURCE DATA FOUND

  • Source citation: Work cat.: (OSt)60666: Adán, Oscar, 1980- aut 69404, María de Jorge Isaacs :









Instituto Departamental de Cultura del Meta - Red Departamental de Bibliotecas Públicas del Meta.